000 00707nam a2200193 a 4500
001 000001762
005 20200929145706.0
008 090626s2002 sp ad 001 0 spa d
020 _a8486141516
020 _a9788486141516
040 _aDO-SdBNP
_bspa
_cBNPHU
082 _axxxx
_bL471e
245 0 3 _aLa lectura en España :
_binforme 2002 /
_ccoordinador José Antonio Millán ; edición, maquetación y diseño Rafael Martínez Alés.
260 _aMadrid :
_bFederación de Gremios de Editores de España,
_c2002.
300 _a420 p. :
_bil. , diagr. ;
_c24 cm.
500 _aIncluye índice y glosario
700 1 _aMillán, José Antonio,
_ecoord.
_95737
700 1 _aMartínez Alés, Rafael,
_eed.
_95738
999 _c1639
_d1639